000 00400nam a2200181Ia 4500
005 20251020182542.0
008 200515s9999 xx 000 0 und d
082 _a743:661.91/C18
100 _aCALDERON, Alfonso
245 0 _aDibujando la cabeza humana
260 _aBarcelona
260 _c1968
300 _a140
500 _a1 ejemplar
650 _aDIBUJO
650 _aLIB
942 _cLIB
999 _c2449
_d2449